|
|
|
|
| LEADER |
00000nam0a2200000 4500 |
| 001 |
338609 |
| 005 |
20231101032446.0 |
| 035 |
|
|
|a (RuTPU)RU\TPU\book\365111
|
| 090 |
|
|
|a 338609
|
| 100 |
|
|
|a 20171129d1963 m y0rusy50 ca
|
| 101 |
0 |
|
|a rus
|
| 102 |
|
|
|a RU
|
| 105 |
|
|
|a a j 001zy
|
| 200 |
1 |
|
|a Судовой изолировщик
|e учебное пособие
|f Р. П. Грушман
|
| 210 |
|
|
|a Ленинград
|c Судпромгиз
|d 1963
|
| 215 |
|
|
|a 150 с.
|c ил.
|
| 320 |
|
|
|a Библиогр.: с. 147
|
| 606 |
1 |
|
|a Суда
|x Теплоизоляция
|2 stltpush
|3 (RuTPU)RU\TPU\subj\58036
|
| 610 |
1 |
|
|a учебные пособия
|
| 610 |
1 |
|
|a теплоизоляционные материалы
|
| 610 |
1 |
|
|a судовая изоляция
|
| 610 |
1 |
|
|a морские суда
|
| 610 |
1 |
|
|a изоляционные работы
|
| 610 |
1 |
|
|a техника безопасности
|
| 610 |
1 |
|
|a силовые системы
|
| 610 |
1 |
|
|a силовые установки
|
| 610 |
1 |
|
|a корпуса
|
| 610 |
1 |
|
|a оплата труда
|
| 675 |
|
|
|a 629.12.002(075.32)
|v 4
|
| 700 |
|
1 |
|a Грушман
|b Р. П.
|g Роман Петрович
|
| 801 |
|
1 |
|a RU
|b 63413507
|c 20171129
|
| 801 |
|
2 |
|a RU
|b 63413507
|c 20230222
|g RCR
|
| 942 |
|
|
|c BK
|